| 000 | 00554nmm a2200193Ia 4500 | ||
|---|---|---|---|
| 008 | 251105s9999||||xx |||||||||||||||||und|| | ||
| 020 | _a9786071658234 | ||
| 041 | _aspa | ||
| 100 | _aValenzuela, Luisa | ||
| 245 | 0 | _aABC de las microfábulas | |
| 264 |
_a[México D.C., Mexico] : _bFondo de Cultura Económica, _c2018 |
||
| 300 | _a77 páginas | ||
| 490 | _aResonancias | ||
| 650 | _aAges 9-12 Years Old | ||
| 700 | _aValenzuela, Luisa | ||
| 700 | 1 | _a Amengual, Lorenzo | |
| 856 | _uhttps://public.digitaliapublishing.com/a/64024 | ||
| 942 | _cCF | ||
| 999 |
_c72206 _d72206 |
||